Loading...
| Fine Arts - Classical Music | 7 | 14.29 | 100% | 43% | 0% |
| Fine Arts - Other Fine Arts | 6 | 10.00 | 83% | 17% | 0% |
| Fine Arts - Visual Fine Arts | 5 | 18.00 | 100% | 60% | 20% |
| Geography/Current Events | 3 | 20.00 | 67% | 100% | 33% |
| History - American History | 6 | 21.67 | 100% | 83% | 33% |
| History - European History | 6 | 13.33 | 100% | 33% | 0% |
| History - Other History | 5 | 12.00 | 100% | 20% | 0% |
| History - World History | 3 | 16.67 | 100% | 67% | 0% |
| Literature - American Literature | 4 | 12.50 | 100% | 25% | 0% |
| Literature - British Literature | 6 | 20.00 | 100% | 83% | 17% |
| Literature - European Literature | 6 | 18.33 | 100% | 83% | 0% |
| Literature - World/Other Literature | 3 | 13.33 | 100% | 33% | 0% |
| Mythology | 5 | 14.00 | 100% | 40% | 0% |
| Philosophy | 6 | 18.33 | 100% | 83% | 0% |
| Pop Culture | 1 | 20.00 | 100% | 100% | 0% |
| Religion | 5 | 12.00 | 100% | 20% | 0% |
| Science - Biology | 6 | 8.33 | 83% | 0% | 0% |
| Science - Chemistry | 5 | 12.00 | 100% | 20% | 0% |
| Science - Other Science | 3 | 16.67 | 100% | 67% | 0% |
| Science - Physics | 3 | 20.00 | 100% | 100% | 0% |
| Social Science | 5 | 10.00 | 100% | 0% | 0% |
| World/Other Literature> | 1 | 10.00 | 100% | 0% | 0% |